| 000 | 00889nam a2200217 i 4500 | ||
|---|---|---|---|
| 001 | 106209 | ||
| 003 | ES-MaACL | ||
| 005 | 20231214203307.0 | ||
| 007 | t| | ||
| 008 | 061010s1986 sp ||||1| spa d | ||
| 080 | _a75 Maestro del Papagayo | ||
| 100 | 1 |
_aDíaz Padrón, Matías, _d1934-2022 _944376 |
|
| 245 | 1 | 4 |
_aUna tabla del Maestro del Papagayo desconocida del Museo de Bellas Artes de Bilbao / _cMatías Díaz Padrón. |
| 260 |
_aMadrid : _bReal Academia de Bellas Artes de San Fernando, _c1986. |
||
| 300 |
_ap. 157-160, [2] p. de lám. ; _c25 cm. |
||
| 500 | _aSeparata de Academia: Boletín de la Real Academia de Bellas Artes de San Fernando, primer semestre de 1986, nº 62. | ||
| 600 | 1 | 4 |
_aMaestro del Papagayo. _975415 |
| 710 | 2 |
_aReal Academia de Bellas Artes de San Fernando. _96291 |
|
| 852 |
_aES-MaACL _j2206-F-8 _bR.137987 |
||
| 999 |
_c106209 _d106209 |
||